| 000 | 01370nam a2200301Ia 4500 | ||
|---|---|---|---|
| 999 |
_c34772 _d34772 |
||
| 001 | 582 | ||
| 003 | GE_BSU | ||
| 005 | 20230601120906.0 | ||
| 008 | 181216s2009||||ge |||||||||||||| ||geo|| | ||
| 020 | _a9789941145995 | ||
| 040 | _cGE_BSU | ||
| 041 | _ageo | ||
| 080 | _a005(075.8)+338.488.2:640.43(075.8) ბ-48 | ||
| 100 |
_aბენიძე, თ. _918386 |
||
| 245 |
_aრესტორნის მენეჯმენტი : _b [სახელმძღვ. სტუდ.] / _cთ. ბენიძე, მ. ვასაძე, ლ. ჯიჯელავა; [კ. არაბულის საერთო რედ.]; სტუ. |
||
| 264 |
_aთბილისი : _bსაქ. ტექნიკური უნ-ტი, _c2009. |
||
| 300 |
_a165 გვ. _b ცხრ. ; _c29სმ. |
||
| 501 | _aდანართები: გვ. 111-158. | ||
| 504 | _aბიბლიოგრ.: გვ. 159. | ||
| 541 | _h12 ლ. | ||
| 653 | _aმენეჯმენტი | ||
| 653 | _aრესტორნის მენეჯმენტი | ||
| 653 | _aსარესტორნო ბიზნესი | ||
| 700 |
_aვასაძე, ლ. _eავტორი _918387 |
||
| 700 |
_aჯიჯელავა, ლ. _eავტორი _918388 |
||
| 700 |
_aარაბული, კ. _eრედაქტორი _918389 |
||
| 942 |
_cBK _2udc |
||